000 00377pab a2200145 454500
008 180718b1987 xxu||||| |||| 00| 0 eng d
100 _aGhose, B.K.
245 _aBank Nationalisation - promises and performance
260 _c1987
300 _a126-8
362 _aJuly-Sept.
650 _aBanks - India
773 _aJournal of the Indian Institute of Bankers
909 _a4308
999 _c4308
_d4308